<?xml version="1.0" encoding="UTF-8"?>
<record
    xmlns:xsi="http://www.w3.org/2001/XMLSchema-instance"
    xsi:schemaLocation="http://www.loc.gov/MARC21/slim http://www.loc.gov/standards/marcxml/schema/MARC21slim.xsd"
    xmlns="http://www.loc.gov/MARC21/slim">

  <leader>01653nam a2200169   4500</leader>
  <datafield tag="999" ind1=" " ind2=" ">
    <subfield code="c">509571</subfield>
    <subfield code="d">509571</subfield>
  </datafield>
  <controlfield tag="008">190514b           ||||| |||| 00| 0 eng d</controlfield>
  <datafield tag="100" ind1=" " ind2=" ">
    <subfield code="a">Hong, Sounman</subfield>
    <subfield code="9">5577</subfield>
  </datafield>
  <datafield tag="245" ind1=" " ind2=" ">
    <subfield code="a">Citizen participation and the redistribution of public goods</subfield>
  </datafield>
  <datafield tag="260" ind1=" " ind2=" ">
    <subfield code="c">2018</subfield>
  </datafield>
  <datafield tag="300" ind1=" " ind2=" ">
    <subfield code="a">p.481-496.</subfield>
  </datafield>
  <datafield tag="520" ind1=" " ind2=" ">
    <subfield code="a">This study investigates whether citizen participation in public budgeting resulted in increased redistributive outcomes when compared with bureaucratic decision&#x2010;making. We focused on a specific budget item (i.e., the installation of surveillance cameras for crime prevention) and examined whether participatory budgeting yielded larger budget allocations to low&#x2010;income neighbourhoods. Results indicate that such participatory budgeting results in larger budget allocations for low&#x2010;income neighbourhoods when compared with allocations produced by bureaucratic budgeting practices. The results also indicate that budgets allocated through citizen participation may be no more or even less effective for advancing public goals. These findings suggest a potential trade&#x2010;off between equity and public service effectiveness. Citizen participation improves budget equity, but may be less effective for achieving public goals than bureaucratic decision&#x2010;making. To explain this, we offer the &#x2018;social pressure hypothesis&#x2019;, which posits that social pressure during public&#x2010;forum discussions can influence participating citizens to make redistributive decisions. - Reproduced.</subfield>
  </datafield>
  <datafield tag="650" ind1=" " ind2=" ">
    <subfield code="a">Public goods - Citizen participation</subfield>
    <subfield code="9">5578</subfield>
  </datafield>
  <datafield tag="700" ind1=" " ind2=" ">
    <subfield code="a">Cho, B. Shine</subfield>
    <subfield code="9">5579</subfield>
  </datafield>
  <datafield tag="773" ind1=" " ind2=" ">
    <subfield code="a">Public Administration</subfield>
  </datafield>
  <datafield tag="906" ind1=" " ind2=" ">
    <subfield code="a">Public goods</subfield>
  </datafield>
  <datafield tag="942" ind1=" " ind2=" ">
    <subfield code="2">ddc</subfield>
    <subfield code="c">AR</subfield>
  </datafield>
  <datafield tag="952" ind1=" " ind2=" ">
    <subfield code="0">0</subfield>
    <subfield code="1">0</subfield>
    <subfield code="2">ddc</subfield>
    <subfield code="4">0</subfield>
    <subfield code="7">0</subfield>
    <subfield code="9">383509</subfield>
    <subfield code="a">IIPA</subfield>
    <subfield code="b">IIPA</subfield>
    <subfield code="d">2019-05-14</subfield>
    <subfield code="h">96(3), 2018: p.481-496.</subfield>
    <subfield code="p">AR119726</subfield>
    <subfield code="r">2019-05-14</subfield>
    <subfield code="y">AR</subfield>
  </datafield>
</record>
